Guess the Language! - Statistics

General Stats
  • This quiz has been taken 3,638 times
  • The average score is 12 of 15
Answer Stats
Hint Answer % Correct
Hello! English
100%
Hola! Spanish
100%
Bonjour! French
99%
Guten tag! German
98%
Konichiwa! Japanese
97%
Ni hao! Chinese
96%
Ciao! Italian
95%
Privet! Russian
88%
Salam! Arabic
86%
Olá! Portuguese
72%
Goededag! Dutch
67%
Cześć! Polish
65%
Merhaba! Turkish
53%
Szia! Hungarian
38%
Yassou! Greek
32%
No matching quizzes found
Score Distribution
Percent of People with Each Score
Percentile by Number Answered
Your Score History
You have not taken this quiz